| 000 | 01847nam a2200529 i 4500 | ||
|---|---|---|---|
| 001 | 22923 | ||
| 003 | KOSZ 005 | ||
| 005 | 20210518152107.0 | ||
| 008 | 981118s1985 pl |001 0 pol | ||
| 015 | _aUWD 1985/1952 | ||
| 020 | _a8301052481 | ||
| 035 | _a991008130389705066 | ||
| 035 | _a(PL-WaBN)b12093750-48omnis_nlop | ||
| 035 | _ab12093750 | ||
| 035 | _a(OCoLC)830180513 | ||
| 035 | _azz2003891438 | ||
| 035 | _a(PL)b0000001209375 | ||
| 035 | _a(EXLNZ-48OMNIS_NETWORK)9910024267905606 | ||
| 040 |
_aWA N _cWA N _dKOSZ 005/HR |
||
| 041 | 1 | _apol | |
| 046 | _k1985 | ||
| 080 | _a001 | ||
| 080 | _a316 | ||
| 080 | _a165 | ||
| 245 | 0 | 0 |
_aProblemy socjologii wiedzy / _cwybór Andrzej Chmielecki [et al. ; przekład z różnych jęz. oprac. A. Chmielecki, Stanisław Czerniak oraz Józef Niżnik ; wstęp Stanisław Rainko]. |
| 260 |
_aWarszawa : _bPaństwowe Wydawnictwo Naukowe, _c1985. |
||
| 300 |
_a502, [1] s. ; _c24 cm. |
||
| 336 |
_aTekst _btxt _2rdacontent |
||
| 337 |
_aBez urządzenia pośredniczącego _bn _2rdamedia |
||
| 338 |
_aWolumin _bnc _2rdacarrier |
||
| 380 | _aKsiążki | ||
| 504 | _aIndeksy. | ||
| 650 | 7 |
_aTeoria poznania _2DBN |
|
| 650 | 7 | _aSocjologia wiedzy | |
| 650 | 7 | _aWiedza | |
| 655 | 2 | _aPraca zbiorowa | |
| 658 | _aSocjologia i społeczeństwo | ||
| 658 | _aFilozofia i etyka | ||
| 700 | 1 |
_aChmielecki, Andrzej _d(1949- ) _eTłumaczenie |
|
| 700 | 1 |
_aCzerniak, Stanisław _d(1948- ) _eTłumaczenie |
|
| 700 | 1 |
_aNiżnik, Józef _d(1943- ) _eTłumaczenie |
|
| 700 | 1 |
_aRainko, Stanisław _ePrzedmowa |
|
| 710 | 2 |
_aPaństwowe Wydawnictwo Naukowe _4pbl |
|
| 856 |
_uhttp://koha.tu.koszalin.pl/cgi-bin/koha/opac-detail.pl?biblionumber=22923 _yKatalog online BPK |
||
| 942 |
_2UKD _cKS |
||
| 999 |
_c22923 _d22923 |
||